Pesca artesanal: hacia un desarrollo costero integrado
Zapisane w:
| 1. autor: | |
|---|---|
| Format: | Książka |
| Język: | hiszpański |
| Wydane: |
Talcahuano
Pontificia Universidad Católica de Chile. Departamento BIOTECMAR
1990
|
| Hasła przedmiotowe: | |
| Etykiety: |
Dodaj etykietę
Nie ma etykietki, Dołącz pierwszą etykiete!
|
MARC
| LEADER | 00000nam a2200000 a 4500 | ||
|---|---|---|---|
| 001 | UCV4907 | ||
| 003 | CL-VaPUC | ||
| 005 | 20221213074623.0 | ||
| 008 | 901025e19900000cl 1 spa d | ||
| 082 | 0 | 4 | |a 639.2 |b ARR |2 21 |
| 100 | 1 | |a Arrizaga M., Alberto |e author |9 616495 | |
| 245 | 1 | 0 | |a Pesca artesanal: hacia un desarrollo costero integrado |
| 260 | |a Talcahuano |b Pontificia Universidad Católica de Chile. Departamento BIOTECMAR |c 1990 | ||
| 300 | |a 358 p | ||
| 500 | |a Contiene resúmenes en inglés | ||
| 583 | |a last modification |c 19901025 00:00:00 |k Rodrigo Vera | ||
| 650 | 0 | 0 | |a Pesca artesanal |9 261256 |
| 650 | 0 | 0 | |a Congresos |9 257560 |
| 651 | 7 | |a CHILE |2 CL-VaPUC |9 616496 | |
| 651 | 0 | |a América Latina |9 255027 | |
| 942 | |c BK | ||
| 945 | |d 19901025 00:00:00 | ||
| 546 | |a En Español | ||
| 518 | |p Seminario Latinoamericano de Pesca Artesanal, 2, Talcahuano, Chile, 1989 | ||
| 999 | |c 381964 |d 381962 | ||
| 952 | |0 0 |1 0 |4 0 |6 639_200000000000000_ARR_1990 |7 0 |8 CCM |9 503350 |a BIBCUR |b BIBCUR |d 2020-01-23 |i 2587564 |o 639.2 ARR 1990 |p 2587564 |r 2025-04-22 |w 2020-01-23 |y BK |k CIM | ||
| 952 | |0 0 |1 0 |2 ddc |4 0 |6 639_200000000000000_ARR_1990 |7 0 |8 CCM |9 503351 |a BIBCUR |b BIBCUR |d 2020-01-23 |i 2587572 |o 639.2 ARR 1990 |p 2587572 |r 2025-04-22 |w 2020-01-23 |y BK |k CIM | ||